Leasehold and Freehold Reform Act 2024 (Record no. 122102)

MARC details
000 -LEADER
fixed length control field 01373nam a22002057a 4500
008 - FIXED-LENGTH DATA ELEMENTS--GENERAL INFORMATION
fixed length control field 250130s2025 xxk|||||ol|||o00| 0 eng d
041 ## - LANGUAGE CODE
Language code of text/sound track or separate title eng
110 ## - MAIN ENTRY--CORPORATE NAME
Corporate author Parliament
245 ## - TITLE STATEMENT
Title Leasehold and Freehold Reform Act 2024
260 ## - PUBLICATION INFORMATION
Date 2024
520 ## - ABSTRACT
Abstract An Act to prohibit the grant or assignment of certain new long residential leases of houses, to amend the rights of tenants under long residential leases to acquire the freeholds of their houses, to extend the leases of their houses or flats, and to collectively enfranchise or manage the buildings containing their flats, to give such tenants the right to reduce the rent payable under their leases to a peppercorn, to regulate the relationship between residential landlords and tenants, to regulate residential estate management, to regulate rent charges and to amend the Building Safety Act 2022 in connection with the remediation of building defects and the insolvency of persons who have repairing obligations relating to certain kinds of buildings.
650 ## - KEYWORDS
Keywords BUILDING SAFETY ACT 2022
650 ## - KEYWORDS
Keywords LANDLORD AND TENANT
650 ## - KEYWORDS
Keywords LEASEHOLD PROPERTIES
650 ## - KEYWORDS
Keywords LEASEHOLD AND FREEHOLD REFORM ACT 2024
651 ## - SUBJECT ADDED ENTRY--GEOGRAPHIC NAME
Geographic name United Kingdom
690 ## - BROAD SUBJECT
Broad subject Landlord and tenant
9 (RLIN) 6252
856 ## - ONLINE RESOURCE
Uniform Resource Identifier <a href="https://www.legislation.gov.uk/ukpga/2024/22/contents">https://www.legislation.gov.uk/ukpga/2024/22/contents</a>
Public note Available on legislation.gov.uk
942 ## - ADDED ENTRY ELEMENTS (KOHA)
Suppress in OPAC Do not suppress in OPAC
Holdings
Lost status Damaged status Not for loan Home library Current library Shelving location Date acquired Total Checkouts Full call number Date last seen Price effective from Koha item type
      Virtual Virtual Online 30/01/2025   LEGISLATION 30/01/2025 30/01/2025 Online material